Turismo y ambiente una relación necesaria /

Furkejuvvon:
Bibliográfalaš dieđut
Váldodahkki: Alvarez Pérez, Jorge
Eará dahkkit: Núñez Cháves, María Elena, Alvarado Herrera, Guillermo, Crespo Campos, Marcos, Flores Moya, Allan, Arce Arias, Esmeralda, Zúñiga Clachar, Ligia
Materiálatiipa: Texto
Fáttát:
Fáddágilkorat: Lasit fáddágilkoriid
Eai fáddágilkorat, Lasit vuosttaš fáddágilkora!

MARC

LEADER 00000 a a2200000 04500
001 16864
003
040
100 |a Alvarez Pérez, Jorge  
245 |a Turismo y ambiente una relación necesaria /  |c Jorge Alvarez Pérez ; María Elena Núñez Cháves ; Guillermo Alvarado Herrera ; Marcos Crespo Campos ; Allan Flores Moya ; Esmeralda Arce Arias ; Ligia Zúñiga Clachar 
650 |a TURISMO  
650 |a POLITICA AMBIENTAL  
650 |a COSTA RICA  
700 |a Núñez Cháves, María Elena  
700 |a Alvarado Herrera, Guillermo  
700 |a Crespo Campos, Marcos  
700 |a Flores Moya, Allan  
700 |a Arce Arias, Esmeralda  
700 |a Zúñiga Clachar, Ligia  
773 |g volumen 13, número 2; páginas 61-109  
999 |c 30364  |d 30364